00780nam a22001697a 4500003000900000008004100009040007100050082002000121100002300141245010900164260004000273300004100313505020900354650001600563650001100579650002000590AR-CdUCM190305b ||||| |||| 00| 0 spa d aMUNICIPALIDAD PROVINCIAL DEL CUSCOcBIBLIOTECA MUNICIPAL DEL CUSCO a985.061 /bG934 aGuerrero, Julio C. a1879-1883, la guerra de las ocasiones perdidas : bcon el texto de los tratados de Ancón y de Arica /  aLima : bEdit. Milla Batres,c1975. a84 paginas ;bIlustraciones,c22 cm. aIntervención del gobierno norteamericano en la guerra del 79 -- Tratado de Ancon entre las repúblicas del Perú y Chile -- Tratado de Arica de 1929 entre el Perú y Chile y protocolo complementario. aRepública aGuerra aAcuerdos de paz